[Event "Olexa Memorial op"]
[Site "Brno"]
[Date "2021.12.27"]
[Round "2"]
[White "Neduchal, Jiri"]
[Black "Kolek, Josef"]
[Result "1-0"]
[WhiteElo "1753"]
[BlackElo "1798"]
[PlyCount "99"]
[EventDate "2021.12.26"]
[EventType "swiss"]
[EventRounds "7"]
[EventCountry "CZE"]
[SourceTitle "CBM 205 Extra"]
[Source "ChessBase"]
[SourceDate "2022.01.31"]
[SourceVersion "1"]
[SourceVersionDate "2022.01.31"]
[SourceQuality "1"]

1. d4 Nf6 2. Nf3 d6 3. e3 g6 4. Bd3 Bg7 5. 0-0 0-0 6. Nbd2 Nc6 7. c3 a6 8. Qe2 Nd7 9. e4 e5 10. dxe5 Ndxe5 11. Nxe5 Nxe5 12. Nc4 Nxd3 13. Qxd3 Bd7 14. Be3 Rb8 15. Ba7 Ra8 16. Bd4 b5 17. Nd2 Bxd4 18. Qxd4 Be6 19. Rfe1 c5 20. Qd3 Qc7 21. Qc2 a5 22. Nf1 Rab8 23. Ne3 Qb7 24. Rad1 Rfd8 25. Nd5 Kg7 26. Qd3 Bxd5 27. Qxd5 Qxd5 28. Rxd5 Kf6 29. Red1 Ke6 30. f4 f6 31. Kf2 Ke7 32. g4 h6 33. h4 Ra8 34. Kf3 Rab8 35. Kg3 Ra8 36. g5 fxg5 37. fxg5 h5 38. e5 Ra6 39. exd6+ Rdxd6 40. Kf4 Rxd5 41. Rxd5 Rc6 42. Re5+ Kf7 43. Ke4 Re6 44. b3 a4 45. Kd5 Rxe5+ 46. Kxe5 axb3 47. axb3 c4 48. bxc4 bxc4 49. Kd6 Ke8 50. Ke6 1-0

[Event "Brno Trade op"]
[Site "Brno"]
[Date "2021.09.04"]
[Round "8"]
[White "Neduchal, Jiri"]
[Black "Ivan, Laszlo"]
[Result "1/2-1/2"]
[WhiteElo "1734"]
[BlackElo "1533"]
[PlyCount "32"]
[EventDate "2021.08.29"]
[EventType "swiss"]
[EventRounds "9"]
[EventCountry "CZE"]
[SourceTitle "CBM 204 Extra"]
[Source "ChessBase"]
[SourceDate "2021.11.30"]
[SourceVersion "1"]
[SourceVersionDate "2021.11.30"]
[SourceQuality "1"]

1. d4 Nf6 2. Nf3 g6 3. e3 Bg7 4. Bd3 0-0 5. 0-0 d6 6. Nbd2 Nc6 7. c3 e5 8. dxe5 Nxe5 9. Nxe5 dxe5 10. Bc2 b6 11. Ne4 Ba6 12. Re1 Qxd1 13. Rxd1 Rad8 14. Nxf6+ Bxf6 15. e4 Rxd1+ 16. Bxd1 Rd8 1/2-1/2

[Event "Brno Duras op"]
[Site "Brno"]
[Date "2015.07.01"]
[Round "5"]
[White "Sojka, Oldrich"]
[Black "Neduchal, Jiri"]
[Result "0-1"]
[WhiteElo "1587"]
[BlackElo "1737"]
[PlyCount "68"]
[EventDate "2015.06.27"]
[EventType "swiss"]
[EventRounds "9"]
[EventCountry "CZE"]
[SourceTitle "CBM 167 Extra"]
[Source "ChessBase"]
[SourceDate "2015.09.14"]
[SourceVersion "1"]
[SourceVersionDate "2015.09.14"]
[SourceQuality "1"]

1. e4 e6 2. Nc3 d5 3. exd5 exd5 4. d4 c6 5. Be3 Bd6 6. Qd2 Bf5 7. h3 Nd7 8. Nf3 Ngf6 9. 0-0-0 Qa5 10. Nh4 Be6 11. Qd3 Bb4 12. a3 Bxc3 13. Qxc3 Qxc3 14. bxc3 b5 15. Bd3 Nb6 16. f3 0-0 17. g4 Nc4 18. Bxc4 dxc4 19. Kd2 Nd5 20. Ng2 Rfe8 21. Rhe1 a5 22. Nf4 Nc7 23. Bf2 g5 24. Ng2 Bd5 25. Rxe8+ Rxe8 26. Ne1 Kg7 27. Bg3 Ne6 28. Ke3 Nf4+ 29. Kf2 Nxh3+ 30. Kg2 Nf4+ 31. Bxf4 gxf4 32. Kf2 Re3 33. Ng2 Rxc3 34. Nxf4 Rxf3+ 0-1

[Event "Brno Duras op"]
[Site "Brno"]
[Date "2015.06.27"]
[Round "1"]
[White "Pokorny, Petr"]
[Black "Neduchal, Jiri"]
[Result "1-0"]
[WhiteElo "2163"]
[BlackElo "1737"]
[PlyCount "107"]
[EventDate "2015.06.27"]
[EventType "swiss"]
[EventRounds "9"]
[EventCountry "CZE"]
[SourceTitle "CBM 167 Extra"]
[Source "ChessBase"]
[SourceDate "2015.09.14"]
[SourceVersion "1"]
[SourceVersionDate "2015.09.14"]
[SourceQuality "1"]

1. d4 Nf6 2. c4 g6 3. Nf3 Bg7 4. Nc3 d5 5. Qb3 c6 6. Bf4 Qb6 7. c5 Qxb3 8. axb3 Na6 9. e3 Nh5 10. Bxa6 Nxf4 11. Bf1 Nh5 12. b4 0-0 13. b5 Bd7 14. b4 Rfd8 15. bxc6 bxc6 16. b5 e6 17. bxc6 Bxc6 18. Bd3 a5 19. Kd2 Rdb8 20. Rhb1 Rxb1 21. Rxb1 a4 22. Kc2 Bf6 23. g4 Ng7 24. Rb6 Be8 25. Ra6 Rxa6 26. Bxa6 Bd8 27. Nb5 Ba5 28. Nd6 Kf8 29. Kb2 Bb4 30. Ne5 a3+ 31. Ka2 f6 32. Nf3 Bc3 33. Bb5 e5 34. c6 Ba5 35. dxe5 fxe5 36. Nxe5 Bc7 37. Nxe8 Kxe8 38. Nf3 Ke7 39. Kxa3 Ne6 40. Kb4 Kd6 41. h4 Bd8 42. g5 Nc5 43. Nd4 Ne4 44. f3 Nd2 45. Kc3 Ba5+ 46. Kd3 Nf1 47. Ke2 Ng3+ 48. Kf2 Nf5 49. Nxf5+ gxf5 50. h5 Bc3 51. h6 d4 52. Bd3 dxe3+ 53. Kxe3 Bb2 54. f4 1-0

[Event "Brno Duras op-B"]
[Site "Brno"]
[Date "2012.06.29"]
[Round "8"]
[White "Zikan, Karel"]
[Black "Neduchal, Jiri"]
[Result "1-0"]
[WhiteElo "1838"]
[BlackElo "1624"]
[PlyCount "70"]
[EventDate "2012.06.23"]
[EventType "tourn"]
[EventRounds "9"]
[EventCountry "CZE"]
[SourceTitle "CBM 149 Extra"]
[Source "ChessBase"]
[SourceDate "2012.08.24"]
[SourceVersion "1"]
[SourceVersionDate "2012.08.24"]
[SourceQuality "1"]

1. d4 Nf6 2. c4 g6 3. Nc3 d5 4. cxd5 Nxd5 5. e4 Nxc3 6. bxc3 c5 7. Be3 Bg7 8. Bb5+ Bd7 9. Bxd7+ Nxd7 10. Nf3 Qa5 11. Qd2 cxd4 12. cxd4 Qxd2+ 13. Nxd2 Rc8 14. Ke2 0-0 15. Rhc1 b5 16. Rab1 a6 17. Nb3 e6 18. f3 Rfe8 19. Kd3 Bf8 20. g4 Ba3 21. Rxc8 Rxc8 22. Bc1 Bxc1 23. Rxc1 Rxc1 24. Nxc1 Kf8 25. g5 Ke7 26. Kc3 Nb6 27. Nd3 a5 28. Ne5 f5 29. Nc6+ Kd6 30. Nxa5 fxe4 31. fxe4 e5 32. d5 Nd7 33. Nb3 Kc7 34. Kb4 Kb6 35. h3 Nb8 1-0

[Event "Brno Duras op-B"]
[Site "Brno"]
[Date "2012.06.24"]
[Round "3"]
[White "Fuchs, Stanislav"]
[Black "Neduchal, Jiri"]
[Result "1/2-1/2"]
[WhiteElo "1974"]
[BlackElo "1624"]
[PlyCount "137"]
[EventDate "2012.06.23"]
[EventType "tourn"]
[EventRounds "9"]
[EventCountry "CZE"]
[SourceTitle "CBM 149 Extra"]
[Source "ChessBase"]
[SourceDate "2012.08.24"]
[SourceVersion "1"]
[SourceVersionDate "2012.08.24"]
[SourceQuality "1"]

1. e4 c6 2. d4 d5 3. f3 e6 4. Be3 Qb6 5. Qc1 Nd7 6. Bd3 c5 7. c3 cxd4 8. cxd4 Ne7 9. Nc3 dxe4 10. fxe4 Ng6 11. Nf3 Be7 12. 0-0 0-0 13. Kh1 Qd8 14. Qc2 b6 15. Rf2 Bb7 16. Raf1 e5 17. Bc4 exd4 18. Bxd4 Bf6 19. Bxf6 Nxf6 20. e5 Ng4 21. Re2 Bxf3 22. gxf3 N4xe5 23. Bd5 Rc8 24. Qb3 Rc5 25. f4 Nd7 26. Ne4 Rc7 27. Bc4 Nf6 28. Ng3 Qd6 29. Bb5 Nxf4 30. Rd1 Qc5 31. Red2 Ne6 32. Bf1 h6 33. Bg2 Ng4 34. Qf3 Ne5 35. Qf1 Qe7 36. Re2 Ng6 37. Rde1 Ngf4 38. Qxf4 Nxf4 39. Rxe7 Rfc8 40. Rxc7 Rxc7 41. Re8+ Kh7 42. Be4+ g6 43. h4 Kg7 44. Kg1 Ne6 45. Kf2 Nc5 46. Bc2 Ne6 47. Bb3 Nc5 48. Bd1 Nd3+ 49. Ke3 Nxb2 50. Bb3 Rc3+ 51. Kf2 Nd3+ 52. Kg1 Nc5 53. Re7 Rxg3+ 54. Kh2 Rf3 55. Bd5 Rf6 56. Rxa7 Ne6 57. Kg3 Nf4 58. Bb3 Ne2+ 59. Kg2 Nd4 60. Bd5 g5 61. hxg5 hxg5 62. Kg3 Rf4 63. Rb7 b5 64. a3 Kg6 65. Rd7 Nf5+ 66. Kg2 Ne3+ 67. Kg3 Nxd5 68. Rxd5 Rf5 69. Rd8 1/2-1/2